000 01341nam2a2200301 4500
001 RU\NLR\bibl\963911
005 20250614205030.0
010 _a5-98986-021-8
_bт. 4
_910000
021 _aRU
_b2006-32026
_91600
035 _a(NLR Aleph) 000951922
090 _a285124
_c285124
100 _a20060703d2006 |||y0rusy50 ca
101 0 _arus
102 _aRU
105 _aa |||||||||
200 1 _aГеология
_fред. тома: Виктор Володин
210 _d2006
_aБ. м.
215 _a685 с.
_cил., цв. ил., портр.
461 0 _1001RU\NLR\bibl\1003356
_12001#$aЭнциклопедия для детей$v[Т. 4]
_9519102
_cМосква
_d2006
_e[2-е изд., перераб. и доп.]
_f[Междунар. центр обучающих систем, Междунар. каф. - сеть UNESCO/ICES "Техн. и проф. образование и подгот. кадров"]
_nАванта+
_tЭнциклопедия для детей
_v[Т. 4]
606 1 _aГеология
_jЭнциклопедии для детей
_9899983
_3RU\NLR\auth\666905
606 1 _aГеология
_jЭнциклопедии
_9899983
_3RU\NLR\auth\666905
686 _aШ9
_bД3
686 _aД3я20
801 0 _aRU
_bNLR
_c20060703
_grcr
801 1 _aRU
_bNLR
_c20060703
942 _cBOOK
980 _aNB